Structure and properties of polymers /

Bibliographic Details
Corporate Author: SpringerLink (Online service)
Other Authors: Stolka, M., 1936-
Format: eBook
Language:English
Published: Berlin ; New York : Springer-Verlag, 1978.
Series:Advances in polymer science ; 29.
Subjects:
Online Access:Connect to the full text of this electronic book

MARC

Tag First Indicator Second Indicator Subfields
LEADER 00000cam a2200000Ia 4500
001 in00003514413
006 m o d
007 cr bn||||auuua
008 081006s1978 gw a ob 001 0 eng d
005 20260421172829.8
019 |a 460737893 
020 |a 9783540357957 (electronic bk.) 
020 |a 3540357955 (electronic bk.) 
020 |z 3540088865 
020 |z 9783540088868 
020 |z 0387088865 
020 |z 9780387088860 
035 |a (OCoLC)261067570  |z (OCoLC)460737893 
040 |a YNG  |b eng  |e pn  |c YNG  |d CUS  |d UIU  |d OCLCQ  |d GW5XE  |d OCLCF  |d OCLCQ  |d UtOrBLW 
049 |a TXAM 
050 4 |a QD281.P6  |b F6 no. 29 
082 0 4 |a 620.192  |2 19 
245 0 0 |a Structure and properties of polymers /  |c contributions by M. Stolka [and others]. 
264 1 |a Berlin ;  |a New York :  |b Springer-Verlag,  |c 1978. 
300 |a 1 online resource (161 pages) :  |b illustrations. 
336 |a text  |b txt  |2 rdacontent 
337 |a computer  |b c  |2 rdamedia 
338 |a online resource  |b cr  |2 rdacarrier 
490 1 |a Advances in polymer science,  |x 0065-3195 ;  |v 29 
504 |a Includes bibliographical references and index. 
588 |a Description based on print version record. 
500 |a Electronic resource. 
650 0 |a Polymers. 
650 0 |a Polymerization. 
650 7 |a Polymerization.  |2 fast  |0 (OCoLC)fst01070576 
650 7 |a Polymers.  |2 fast  |0 (OCoLC)fst01070588 
655 7 |a Electronic books.  |2 local 
700 1 |a Stolka, M.,  |d 1936- 
710 2 |a SpringerLink (Online service) 
776 1 8 |i Print version:  |t Structure and properties of polymers.  |d Berlin ; New York : Springer-Verlag, 1978  |z 3540088865  |w (DLC) 61000642  |w (OCoLC)8400842 
830 0 |a Advances in polymer science ;  |v 29. 
856 4 0 |u http://proxy.library.tamu.edu/login?url=https://link.springer.com/10.1007/3-540-08886-5  |z Connect to the full text of this electronic book  |t 0 
994 |a 92  |b TXA 
999 |a MARS 
999 f f |s d577bc27-4a4d-3f0f-9651-a2b482048dd2  |i 0c4b06fe-3eb1-3e97-9bf9-37c976b8a8a9  |t 0 
952 f f |a Texas A&M University  |b College Station  |c Electronic Resources  |s www_evans  |d Available Online  |t 0  |e QD281.P6 F6 Bd.29  |h Library of Congress classification 
998 f f |a QD281.P6 F6 Bd.29  |t 0  |l Available Online